[Event "Portoroz op 14th"]
[Site "Portoroz"]
[Date "2023.07.17"]
[Round "4"]
[White "Persic, Gojmir"]
[Black "Debevec, Katarina"]
[Result "1/2-1/2"]
[WhiteElo "1216"]
[BlackElo "1370"]
[PlyCount "61"]
[EventDate "2023.07.15"]
[EventType "swiss"]
[EventRounds "9"]
[EventCountry "SLO"]
[SourceTitle "CBM 215 Extra"]
[Source "ChessBase"]
[SourceDate "2023.09.30"]
[SourceVersion "1"]
[SourceVersionDate "2023.09.30"]
[SourceQuality "1"]

1. d4 d5 2. Nf3 e6 3. c4 c6 4. Nc3 Nf6 5. cxd5 cxd5 6. Bg5 Be7 7. e3 0-0 8. Bd3 Nc6 9. 0-0 Bd7 10. Re1 Ne8 11. Bxe7 Nxe7 12. e4 dxe4 13. Bxe4 Bc6 14. Bxc6 bxc6 15. Qa4 Nf6 16. Rac1 Qb6 17. Re2 Rfd8 18. Qc2 h6 19. h3 Rac8 20. a3 Qa6 21. Ne4 Nfd5 22. Nc5 Qb6 23. Na4 Qc7 24. Nc3 Nf6 25. Ne4 Nfd5 26. Nc3 Qb7 27. Nxd5 cxd5 28. Qd2 Rxc1+ 29. Qxc1 Rc8 30. Rc2 Rxc2 31. Qxc2 1/2-1/2

[Event "SLO-chT2 West"]
[Site "Komenda"]
[Date "2022.11.20"]
[Round "3.6"]
[White "Borstnik, Ales"]
[Black "Debevec, Katarina"]
[Result "1-0"]
[WhiteElo "1797"]
[BlackElo "1381"]
[PlyCount "61"]
[EventDate "2022.11.19"]
[EventType "team-tourn"]
[EventRounds "7"]
[EventCountry "SLO"]
[SourceTitle "EXT 2024"]
[Source "ChessBase"]
[SourceDate "2023.10.10"]
[SourceVersion "1"]
[SourceVersionDate "2023.10.10"]
[SourceQuality "1"]
[WhiteTeam "Trzin"]
[BlackTeam "Piran"]
[WhiteTeamCountry "SLO"]
[BlackTeamCountry "SLO"]

1. e4 c5 2. Nf3 Nc6 3. d4 cxd4 4. Nxd4 e5 5. Nb5 d6 6. N1c3 a6 7. Na3 b5 8. Nd5 Nf6 9. Bg5 Be6 10. c3 h6 11. Bxf6 gxf6 12. Nc2 Rg8 13. Nce3 Rg6 14. g3 Rc8 15. h4 Na5 16. b3 Nb7 17. b4 Rc6 18. Be2 Qc8 19. Bh5 Rxc3 20. Bxg6 Rxe3+ 21. Nxe3 Qc3+ 22. Kf1 fxg6 23. a3 h5 24. Kg2 Qc8 25. Rc1 Qd7 26. Nd5 Bxd5 27. Qxd5 Nd8 28. Qg8 Qf7 29. Qxf7+ Kxf7 30. Rc7+ Ke8 31. Ra7 1-0

[Event "Portoroz op 10th"]
[Site "Portoroz"]
[Date "2016.07.26"]
[Round "5"]
[White "Tupy, Bystrik"]
[Black "Debevec, Katarina"]
[Result "1-0"]
[WhiteElo "1728"]
[BlackElo "1383"]
[PlyCount "127"]
[EventDate "2016.07.23"]
[EventType "swiss"]
[EventRounds "9"]
[EventCountry "SLO"]
[SourceTitle "CBM 173 Extra"]
[Source "ChessBase"]
[SourceDate "2016.08.29"]
[SourceVersion "1"]
[SourceVersionDate "2016.08.29"]
[SourceQuality "1"]

1. e4 c5 2. Nf3 Nc6 3. Bb5 g6 4. Bxc6 bxc6 5. Nc3 Nf6 6. d3 Bg7 7. 0-0 0-0 8. Qe1 Qc7 9. Bg5 Re8 10. Qd2 d5 11. Bh6 Nh5 12. Ne2 f6 13. Ng3 Bxh6 14. Qxh6 Nf4 15. h4 e5 16. h5 Qg7 17. Qxg7+ Kxg7 18. hxg6 hxg6 19. Ne2 Ne6 20. Nc3 d4 21. Na4 Bd7 22. g3 g5 23. Kg2 Rh8 24. Rh1 c4 25. dxc4 c5 26. b3 Bc6 27. Nd2 f5 28. f3 fxe4 29. fxe4 Bb7 30. Nb2 g4 31. Nd3 Ng5 32. Nxc5 Bc6 33. Rxh8 Rxh8 34. Rf1 Re8 35. b4 Rc8 36. Kf2 Kg6 37. Ke1 Rh8 38. a4 Rh3 39. Rg1 Rh8 40. Kd1 Rc8 41. Kc1 Nxe4 42. Ndxe4 Bxe4 43. Nxe4 Rxc4 44. Kb2 Rxb4+ 45. Ka3 a5 46. Rf1 Rc4 47. Rf6+ Kg7 48. Re6 Rxc2 49. Rxe5 Re2 50. Rg5+ Kf8 51. Rxg4 d3 52. Kb3 Rc2 53. Nf2 Rxf2 54. Rf4+ Rxf4 55. gxf4 d2 56. Kc2 d1Q+ 57. Kxd1 Kf7 58. Ke2 Kf6 59. Kd3 Kf5 60. Kc4 Kxf4 61. Kb5 Ke5 62. Kxa5 Ke6 63. Kb6 Kd7 64. Kb7 1-0